[Event "28. Torneo San Viator 2017"]
[Site "Madrid ESP"]
[Date "2017.03.26"]
[Round "1.21"]
[White "Tudela Garcia, Antonio"]
[Black "Castro Morell, Daniel Eduardo"]
[Result "0-1"]
[WhiteElo "1602"]
[BlackElo "1885"]
[PlyCount "100"]
[EventDate "2017.03.26"]
[EventType "swiss"]
[EventRounds "9"]
[EventCountry "ESP"]
[SourceTitle "Ajedrez en Madrid"]
[Source "lmi"]
[SourceDate "2017.03.26"]
[SourceVersion "1"]
[SourceVersionDate "2017.04.10"]
[SourceQuality "1"]

1. e4 c5 2. Nc3 Nc6 3. f4 d6 4. Nf3 Nf6 5. Bb5 Bd7 6. O-O e6 7. d3 Be7 8. Kh1
a6 9. Bxc6 Bxc6 10. Bd2 Qb6 11. a4 Qc7 12. Qe1 b6 13. Ne2 h5 14. h4 Ng4 15. Qg3
Bf6 16. c3 g6 17. Ng5 O-O 18. f5 exf5 19. exf5 Rae8 20. Ng1 Be5 21. Bf4 Bxf4
22. Rxf4 Re3 23. N5f3 Qe7 24. Re1 Re8 25. fxg6 fxg6 26. Rxe3 Qxe3 27. Rf6 Re6
28. Rxe6 Qxe6 29. Ng5 Qf6 30. N1f3 Kg7 31. Qe1 Ne5 32. Qe3 Nxf3 33. Nxf3 Bxf3
34. Qxf3 Qxh4+ 35. Kg1 Qe1+ 36. Kh2 Qe5+ 37. Kh3 d5 38. Qf2 g5 39. Qg3 Qxg3+
40. Kxg3 Kf6 41. Kf3 Ke5 42. Ke3 h4 43. Kf3 Kf5 44. g3 g4+ 45. Kg2 h3+ 46. Kh2
b5 47. axb5 axb5 48. b3 c4 49. bxc4 bxc4 50. dxc4 dxc4 0-1

[Event "28. Torneo San Viator 2017"]
[Site "Madrid ESP"]
[Date "2017.03.26"]
[Round "1.22"]
[White "Gonzalez-Ruano Perez, Cesar"]
[Black "Iriarte Diez, Enrique"]
[Result "1-0"]
[WhiteElo "1882"]
[BlackElo "1592"]
[PlyCount "91"]
[EventDate "2017.03.26"]
[EventType "swiss"]
[EventRounds "9"]
[EventCountry "ESP"]
[SourceTitle "Ajedrez en Madrid"]
[Source "lmi"]
[SourceDate "2017.03.26"]
[SourceVersion "1"]
[SourceVersionDate "2017.04.10"]
[SourceQuality "1"]

1. e4 c6 2. Nc3 d5 3. Nf3 dxe4 4. Nxe4 Nd7 5. Bc4 Ngf6 6. Neg5 e6 7. Qe2 Nb6 8.
Bb3 h6 9. Ne4 Nbd5 10. d4 Qc7 11. Nxf6+ gxf6 12. Bd2 Bd6 13. g3 b6 14. O-O-O
Bb7 15. Kb1 O-O-O 16. Rc1 c5 17. Rhe1 Kb8 18. Bc4 Rc8 19. Ba6 c4 20. Bxb7 Kxb7
21. c3 a5 22. Nh4 a4 23. a3 Qe7 24. Nf5 exf5 25. Qf3 Qe6 26. Rxe6 fxe6 27. Re1
Rce8 28. Rxe6 Kc6 29. Qxf5 Rxe6 30. Qxe6 b5 31. h4 h5 32. Bf4 Rd8 33. Bxd6 Rxd6
34. Qe8+ Rd7 35. Qxh5 Re7 36. Qd1 Kb6 37. Kc2 f5 38. Kd2 Nf6 39. Qf3 Ne4+ 40.
Kd1 Rf7 41. g4 Kc6 42. gxf5 Kd5 43. Ke2 Re7 44. Ke3 Re8 45. h5 Kd6 46. Qxe4 1-0

[Event "28. Torneo San Viator 2017"]
[Site "Madrid ESP"]
[Date "2017.04.02"]
[Round "2.1"]
[White "Elissalt Cardenas, Hector"]
[Black "Rosa Ramirez, Victor D"]
[Result "1/2-1/2"]
[WhiteElo "2382"]
[BlackElo "1945"]
[PlyCount "89"]
[EventDate "2017.03.26"]
[EventType "swiss"]
[EventRounds "9"]
[EventCountry "ESP"]
[SourceTitle "Ajedrez en Madrid"]
[Source "lmi"]
[SourceDate "2017.03.26"]
[SourceVersion "1"]
[SourceVersionDate "2017.04.10"]
[SourceQuality "1"]

1. Nf3 d5 2. b3 Nf6 3. Bb2 Nc6 4. e3 Bg4 5. h3 Bh5 6. g4 Bg6 7. Bb5 Be4 8. d3
Bxf3 9. Bxc6+ bxc6 10. Qxf3 e6 11. Nd2 h6 12. h4 Nd7 13. O-O-O e5 14. d4 e4 15.
Qe2 Bb4 16. c3 Bd6 17. Qa6 O-O 18. Qxc6 Nb6 19. c4 Bb4 20. c5 Bxd2+ 21. Rxd2
Rc8 22. Rc2 Na8 23. Bc3 Re8 24. Ba5 Rb8 25. Qa6 Re6 26. Qe2 g6 27. Kb2 Qe8 28.
Ka1 Rb5 29. b4 c6 30. g5 h5 31. a4 Rb7 32. Rb1 f6 33. Rg1 f5 34. Rb1 f4 35. b5
cxb5 36. axb5 fxe3 37. fxe3 Rf7 38. c6 Nc7 39. Rc5 Qf8 40. Bxc7 Rxc7 41. Rxd5
Qa3+ 42. Qa2 Qc3+ 43. Rb2 Qe1+ 44. Qb1 Qa5+ 45. Ra2 1/2-1/2

[Event "28. Torneo San Viator 2017"]
[Site "Madrid ESP"]
[Date "2017.04.02"]
[Round "2.2"]
[White "Pascual Delgado, Guillermo"]
[Black "Quispe Arteaga, Gabriel"]
[Result "1/2-1/2"]
[WhiteElo "1915"]
[BlackElo "2309"]
[PlyCount "95"]
[EventDate "2017.03.26"]
[EventType "swiss"]
[EventRounds "9"]
[EventCountry "ESP"]
[SourceTitle "Ajedrez en Madrid"]
[Source "lmi"]
[SourceDate "2017.03.26"]
[SourceVersion "1"]
[SourceVersionDate "2017.04.10"]
[SourceQuality "1"]

1. d4 d5 2. Nf3 Nf6 3. Bg5 e6 4. e3 Be7 5. Bd3 O-O 6. Nbd2 h6 7. Bf4 b6 8. O-O
Bb7 9. h3 Nbd7 10. c3 Ne4 11. Qc2 f5 12. Ne5 Nxe5 13. Bxe5 Bd6 14. Nf3 Ng5 15.
Nxg5 hxg5 16. Bxd6 Qxd6 17. f4 Rae8 18. Qf2 c5 19. Rae1 Bc6 20. fxg5 e5 21. Qh4
e4 22. Be2 g6 23. Qf4 Qe7 24. h4 Rc8 25. Kf2 Be8 26. Rh1 cxd4 27. exd4 Qc7 28.
g3 b5 29. h5 b4 30. hxg6 Qxf4+ 31. gxf4 bxc3 32. bxc3 Rxc3 33. Rh6 Rc6 34. Reh1
Bxg6 35. Bh5 Rc2+ 36. Kg3 Rc3+ 37. Kf2 Bxh5 38. R1xh5 Rf3+ 39. Ke2 Rxf4 40.
Rg6+ Kf7 41. Rf6+ Kg7 42. Rfh6 Rg4 43. Rh7+ Kg6 44. R7h6+ Kf7 45. Rh7+ Kg6 46.
R7h6+ Kf7 47. Rh7+ Kg8 48. Rh8+ 1/2-1/2

[Event "28. Torneo San Viator 2017"]
[Site "Madrid ESP"]
[Date "2017.04.02"]
[Round "2.3"]
[White "Renteria, Jorge"]
[Black "Padin Lazaro, Jose Manuel"]
[Result "1/2-1/2"]
[WhiteElo "2275"]
[BlackElo "1914"]
[PlyCount "68"]
[EventDate "2017.03.26"]
[EventType "swiss"]
[EventRounds "9"]
[EventCountry "ESP"]
[SourceTitle "Ajedrez en Madrid"]
[Source "lmi"]
[SourceDate "2017.03.26"]
[SourceVersion "1"]
[SourceVersionDate "2017.04.10"]
[SourceQuality "1"]

1. e4 e6 2. d4 d5 3. Nd2 Nf6 4. e5 Nfd7 5. f4 c5 6. c3 Nc6 7. Ndf3 Qb6 8. g3
cxd4 9. cxd4 Be7 10. Bh3 O-O 11. Ne2 f6 12. Nc3 Ndxe5 13. fxe5 fxe5 14. Na4
Bb4+ 15. Bd2 Qa5 16. O-O Bxd2 17. Nxd2 Rxf1+ 18. Nxf1 exd4 19. a3 Qd8 20. Nc5
Qf6 21. Qe2 e5 22. Bxc8 Rxc8 23. Nxb7 e4 24. Qb5 Ne7 25. Nd2 e3 26. Qe2 Rc2 27.
Rd1 Qb6 28. Qh5 g6 29. Qe5 Rxd2 30. Rf1 Rf2 31. Qxe7 Qxb2 32. Qe8+ Kg7 33. Qe7+
Kg8 34. Qe8+ Kg7 1/2-1/2

[Event "28. Torneo San Viator 2017"]
[Site "Madrid ESP"]
[Date "2017.04.02"]
[Round "2.4"]
[White "Iturbide Arnedo, Oscar"]
[Black "Martin Lozano, Miguel Angel"]
[Result "1-0"]
[WhiteElo "2097"]
[BlackElo "1759"]
[PlyCount "49"]
[EventDate "2017.03.26"]
[EventType "swiss"]
[EventRounds "9"]
[EventCountry "ESP"]
[SourceTitle "Ajedrez en Madrid"]
[Source "lmi"]
[SourceDate "2017.03.26"]
[SourceVersion "1"]
[SourceVersionDate "2017.04.10"]
[SourceQuality "1"]

1. e4 e6 2. d4 d5 3. Nd2 dxe4 4. Nxe4 Bd7 5. c4 Bc6 6. Nc3 Bb4 7. a3 Bxc3+ 8.
bxc3 Ne7 9. Nf3 Bxf3 10. Qxf3 c6 11. Rb1 Qd7 12. Bf4 O-O 13. c5 Ng6 14. Bd6 Re8
15. Bd3 e5 16. O-O exd4 17. cxd4 b5 18. g3 a5 19. Rfe1 Na6 20. d5 Rxe1+ 21.
Rxe1 cxd5 22. Qxd5 Rc8 23. Bf5 Qd8 24. Bxc8 Qxc8 25. Qb7 1-0

[Event "28. Torneo San Viator 2017"]
[Site "Madrid ESP"]
[Date "2017.04.02"]
[Round "2.5"]
[White "Garcia Sanjuan, Jose"]
[Black "Correas Gonzalez, Jose Ramon"]
[Result "0-1"]
[WhiteElo "1891"]
[BlackElo "2080"]
[PlyCount "117"]
[EventDate "2017.03.26"]
[EventType "swiss"]
[EventRounds "9"]
[EventCountry "ESP"]
[SourceTitle "Ajedrez en Madrid"]
[Source "lmi"]
[SourceDate "2017.03.26"]
[SourceVersion "1"]
[SourceVersionDate "2017.04.10"]
[SourceQuality "1"]

1. Nf3 Nf6 2. b3 g6 3. Bb2 Bg7 4. e4 d6 5. Bc4 O-O 6. Qe2 e5 7. O-O c6 8. Bd3
Nbd7 9. c4 Nc5 10. Bc2 a5 11. d3 Nh5 12. g3 Bg4 13. Nbd2 f5 14. Bd1 Bh6 15. d4
exd4 16. Bxd4 fxe4 17. Bxc5 exf3 18. Nxf3 dxc5 19. Qe4 Bxf3 20. Bxf3 Qf6 21.
Bxh5 gxh5 22. Qe2 h4 23. Qg4+ Bg7 24. Rad1 Rad8 25. Rxd8 Rxd8 26. Re1 hxg3 27.
hxg3 Rf8 28. Qe2 Qf5 29. Kg2 Bd4 30. f3 Kh8 31. Rh1 Qg6 32. Re1 Rg8 33. g4 Bc3
34. Rh1 Re8 35. Qd1 Bd4 36. Re1 Re6 37. Re2 Qe8 38. Rxe6 Qxe6 39. Qd3 Qe5 40.
a3 b6 41. a4 Kg7 42. Kh3 Qf4 43. Kg2 Kh6 44. Qd1 Qe3 45. Qf1 Qd2+ 46. Kg3 Be5+
47. f4 Qe3+ 48. Kg2 Qxf4 49. Qh1+ Kg7 50. Qh5 Qg3+ 51. Kf1 Qf3+ 52. Kg1 Bd4+
53. Kh2 Qe2+ 54. Kh3 Qf1+ 55. Kg3 Qe1+ 56. Kg2 Qg1+ 57. Kf3 Qf2+ 58. Ke4 Qe3+
59. Kf5 0-1

[Event "28. Torneo San Viator 2017"]
[Site "Madrid ESP"]
[Date "2017.04.02"]
[Round "2.6"]
[White "Cervino Rossel, Cristobal"]
[Black "Martinez Rubio, Felipe"]
[Result "1-0"]
[WhiteElo "2045"]
[BlackElo "1711"]
[PlyCount "81"]
[EventDate "2017.03.26"]
[EventType "swiss"]
[EventRounds "9"]
[EventCountry "ESP"]
[SourceTitle "Ajedrez en Madrid"]
[Source "lmi"]
[SourceDate "2017.03.26"]
[SourceVersion "1"]
[SourceVersionDate "2017.04.10"]
[SourceQuality "1"]

1. d4 Nf6 2. Nf3 e6 3. g3 c5 4. Bg2 cxd4 5. Nxd4 d5 6. O-O Be7 7. c4 O-O 8.
cxd5 Nxd5 9. e4 Nf6 10. Nc3 a6 11. Be3 h6 12. h3 Nbd7 13. Qe2 Rb8 14. Rfe1 Qe8
15. Rad1 Nh7 16. e5 Kh8 17. f4 Rg8 18. Ne4 f5 19. Nd2 Ndf8 20. Kh2 g5 21. Bf3
gxf4 22. gxf4 Bd8 23. Rg1 Ng6 24. Bh5 Nhf8 25. Rg2 Bd7 26. Rdg1 Kh7 27. Nc4 Qe7
28. Qf2 Bc7 29. b3 b5 30. Nd2 Be8 31. Bf3 Bb6 32. Nxf5 Qa7 33. Bxb6 Qxb6 34.
Qxb6 Rxb6 35. Nd6 Rb8 36. N2e4 Rg7 37. Nf6+ Kh8 38. Ndxe8 Re7 39. Be4 Rbxe8 40.
Nxe8 Rxe8 41. Bxg6 1-0

[Event "28. Torneo San Viator 2017"]
[Site "Madrid ESP"]
[Date "2017.04.02"]
[Round "2.7"]
[White "Julian Serra, Rogelio"]
[Black "Lopez Guitian, Juan J"]
[Result "1-0"]
[WhiteElo "2002"]
[BlackElo "1589"]
[PlyCount "59"]
[EventDate "2017.03.26"]
[EventType "swiss"]
[EventRounds "9"]
[EventCountry "ESP"]
[SourceTitle "Ajedrez en Madrid"]
[Source "lmi"]
[SourceDate "2017.03.26"]
[SourceVersion "1"]
[SourceVersionDate "2017.04.10"]
[SourceQuality "1"]

1. c4 Nf6 2. g3 d5 3. Bg2 c6 4. cxd5 cxd5 5. Nf3 Nc6 6. d4 g6 7. O-O Bg7 8. Bf4
O-O 9. Nc3 b6 10. Ne5 Bb7 11. Rc1 a6 12. Nxc6 Bxc6 13. Na4 Rc8 14. Qb3 Nd7 15.
e3 Bb5 16. Rfd1 Bc4 17. Qa3 h6 18. h4 Re8 19. b3 e5 20. dxe5 Be2 21. Rxc8 Qxc8
22. Rc1 Qd8 23. Bxd5 Nxe5 24. Bxe5 Rxe5 25. Bg2 Re6 26. Nc3 Bxc3 27. Rxc3 Qd1+
28. Kh2 Qe1 29. Rc8+ Kh7 30. Qf8 1-0

[Event "28. Torneo San Viator 2017"]
[Site "Madrid ESP"]
[Date "2017.04.02"]
[Round "2.8"]
[White "Castro Morell, Daniel Eduardo"]
[Black "Unciti Juan, Javier"]
[Result "0-1"]
[WhiteElo "1885"]
[BlackElo "1998"]
[PlyCount "94"]
[EventDate "2017.03.26"]
[EventType "swiss"]
[EventRounds "9"]
[EventCountry "ESP"]
[SourceTitle "Ajedrez en Madrid"]
[Source "lmi"]
[SourceDate "2017.03.26"]
[SourceVersion "1"]
[SourceVersionDate "2017.04.10"]
[SourceQuality "1"]

1. d4 Nf6 2. Nf3 g6 3. g3 Bg7 4. Bg2 O-O 5. O-O d6 6. c4 c6 7. Nc3 Qa5 8. e4
Qh5 9. e5 dxe5 10. Nxe5 Ng4 11. h3 Nxe5 12. Qxh5 gxh5 13. dxe5 Bxe5 14. Bh6 Re8
15. Na4 Bd4 16. Rad1 e5 17. Rfe1 Be6 18. Rc1 Nd7 19. Be3 Bxe3 20. Rxe3 Rac8 21.
Rec3 b6 22. b3 f6 23. Rd3 b5 24. Nb2 Kf8 25. Rd6 Nb8 26. c5 Ke7 27. Rcd1 Red8
28. Kh2 Rxd6 29. Rxd6 Rd8 30. Rxd8 Kxd8 31. f4 exf4 32. gxf4 h4 33. Be4 h6 34.
f5 Bf7 35. Nd3 Kc7 36. Kg2 a5 37. Nf4 Na6 38. Ne6+ Kd7 39. Bxc6+ Kxc6 40. Nd8+
Kxc5 41. Nxf7 h5 42. Kf3 Kd5 43. Nd8 Nc5 44. Ke3 b4 45. Kf3 a4 46. bxa4 Nxa4
47. Nb7 Nc3 0-1

[Event "28. Torneo San Viator 2017"]
[Site "Madrid ESP"]
[Date "2017.04.02"]
[Round "2.9"]
[White "Munoz Cebey, Ricardo"]
[Black "Martin Sanchez, Francisco"]
[Result "1-0"]
[WhiteElo "1797"]
[BlackElo "1994"]
[PlyCount "107"]
[EventDate "2017.03.26"]
[EventType "swiss"]
[EventRounds "9"]
[EventCountry "ESP"]
[SourceTitle "Ajedrez en Madrid"]
[Source "lmi"]
[SourceDate "2017.03.26"]
[SourceVersion "1"]
[SourceVersionDate "2017.04.10"]
[SourceQuality "1"]

1. c4 d6 2. g3 e5 3. Bg2 f5 4. Nc3 Nf6 5. d3 Be7 6. e3 O-O 7. Nge2 Nc6 8. O-O
Qe8 9. Nd5 Bd8 10. Nec3 Ne7 11. b4 Nexd5 12. Nxd5 c6 13. Nc3 Be6 14. e4 Bb6 15.
Be3 fxe4 16. Nxe4 Nxe4 17. Bxe4 d5 18. cxd5 cxd5 19. Bg2 Qb5 20. Bxb6 Qxb6 21.
Qe2 e4 22. dxe4 d4 23. Qd2 Bc4 24. Rfe1 Rad8 25. Rac1 Bb5 26. Rc5 d3 27. Kh1 a5
28. a3 Rd4 29. f4 axb4 30. axb4 Ba6 31. Rb1 Rfd8 32. Bf3 Rc4 33. Rxc4 Bxc4 34.
e5 Bb5 35. Rc1 Bc6 36. Bxc6 bxc6 37. e6 Qd4 38. Re1 Re8 39. h3 Qd5+ 40. Kg1 Kf8
41. Re5 Qd4+ 42. Kf1 Ra8 43. Ra5 Re8 44. f5 Qe4 45. Kg1 Qd4+ 46. Kh2 Rb8 47.
Ra2 c5 48. bxc5 Rb1 49. Ra8+ Ke7 50. Qg5+ Qf6 51. Ra7+ Ke8 52. Qxf6 gxf6 53.
Rd7 Rf1 54. Rxd3 1-0

[Event "28. Torneo San Viator 2017"]
[Site "Madrid ESP"]
[Date "2017.04.02"]
[Round "2.10"]
[White "Del Noval Nemeshazi, Nesztor"]
[Black "Rottenwohrer Suarez, Juan"]
[Result "0-1"]
[WhiteElo "1862"]
[BlackElo "2129"]
[PlyCount "46"]
[EventDate "2017.03.26"]
[EventType "swiss"]
[EventRounds "9"]
[EventCountry "ESP"]
[SourceTitle "Ajedrez en Madrid"]
[Source "lmi"]
[SourceDate "2017.03.26"]
[SourceVersion "1"]
[SourceVersionDate "2017.04.10"]
[SourceQuality "1"]

1. e4 c5 2. Nf3 g6 3. d4 cxd4 4. Nxd4 Nc6 5. Nc3 Bg7 6. Be3 Nf6 7. Bc4 O-O 8.
Qd2 Ng4 9. Nxc6 bxc6 10. Bd4 Ne5 11. Bb3 d6 12. f3 c5 13. Be3 Rb8 14. O-O-O c4
15. Ba4 Qa5 16. Bd4 Qb4 17. b3 Nd3+ 18. cxd3 Bxd4 19. Kc2 cxb3+ 20. Bxb3 Be6
21. Nd5 Qa3 22. Rb1 Bxd5 23. exd5 Rxb3 0-1

[Event "28. Torneo San Viator 2017"]
[Site "Madrid ESP"]
[Date "2017.04.02"]
[Round "2.11"]
[White "Vaquerizo Calvo, Miguel Arturo"]
[Black "Lobato Rivero, Carlos"]
[Result "1-0"]
[WhiteElo "1830"]
[BlackElo "1969"]
[PlyCount "97"]
[EventDate "2017.03.26"]
[EventType "swiss"]
[EventRounds "9"]
[EventCountry "ESP"]
[SourceTitle "Ajedrez en Madrid"]
[Source "lmi"]
[SourceDate "2017.03.26"]
[SourceVersion "1"]
[SourceVersionDate "2017.04.10"]
[SourceQuality "1"]

1. e4 c6 2. Nc3 d5 3. Nf3 Bg4 4. d4 dxe4 5. Nxe4 Nf6 6. Nxf6+ exf6 7. Be2 Bd6
8. O-O O-O 9. h3 Bh5 10. c4 Re8 11. Re1 Nd7 12. Nh4 Bb4 13. Bd2 Bxd2 14. Qxd2
Bxe2 15. Rxe2 Nb6 16. Rxe8+ Qxe8 17. Re1 Qd7 18. b3 g6 19. Qe3 Rd8 20. Nf3 Nc8
21. g4 f5 22. Qf4 fxg4 23. hxg4 Nd6 24. Ne5 Qe7 25. Re3 Qf8 26. Qf6 a6 27. c5
Nb5 28. Nxf7 Rb8 29. Qh8+ Kxf7 30. Rf3+ Ke7 31. Rxf8 Rxf8 32. Qxh7+ Rf7 33.
Qxg6 Nxd4 34. Qe4+ Ne6 35. Qe5 Rg7 36. f3 Rg5 37. Qd6+ Kf6 38. b4 a5 39. a3
axb4 40. axb4 Rd5 41. Qg3 Rd1+ 42. Kf2 Rb1 43. Qh4+ Ke5 44. Qh5+ Kd4 45. Qf5
Rb2+ 46. Kg3 Re2 47. g5 Re5 48. Qf6 Nxg5 49. Kg4 1-0

[Event "28. Torneo San Viator 2017"]
[Site "Madrid ESP"]
[Date "2017.04.02"]
[Round "2.13"]
[White "Montoya Gandia, Manuel"]
[Black "Recuenco Andres, Javier"]
[Result "0-1"]
[WhiteElo "1679"]
[BlackElo "1890"]
[PlyCount "74"]
[EventDate "2017.03.26"]
[EventType "swiss"]
[EventRounds "9"]
[EventCountry "ESP"]
[SourceTitle "Ajedrez en Madrid"]
[Source "lmi"]
[SourceDate "2017.03.26"]
[SourceVersion "1"]
[SourceVersionDate "2017.04.10"]
[SourceQuality "1"]

1. Nf3 d5 2. d4 Nf6 3. c4 e6 4. Nc3 h6 5. e3 c5 6. cxd5 exd5 7. g3 Nc6 8. Bg2
Be7 9. O-O O-O 10. dxc5 Bxc5 11. a3 a5 12. Qc2 Qe7 13. Rd1 Be6 14. Nb5 Rfc8 15.
Qd3 Bg4 16. Re1 Qd7 17. Nbd4 Re8 18. Bd2 Ne4 19. Rac1 Bxd4 20. exd4 Qf5 21. Re3
Re7 22. Bc3 Rae8 23. Qf1 Kh7 24. h3 Nxg3 25. hxg4 Nxf1 26. gxf5 Nxe3 27. fxe3
Rxe3 28. Ne5 Nxe5 29. dxe5 Rd3 30. Re1 b6 31. e6 d4 32. exf7 Rf8 33. Bd5 dxc3
34. Bc4 Rd4 35. Bb3 cxb2 36. Rb1 Rd2 37. Be6 Rc2 0-1

[Event "28. Torneo San Viator 2017"]
[Site "Madrid ESP"]
[Date "2017.04.02"]
[Round "2.14"]
[White "Marret, Constantin Pierre"]
[Black "Barahona Torrijos, Angel"]
[Result "1-0"]
[WhiteElo "1602"]
[BlackElo "1880"]
[PlyCount "57"]
[EventDate "2017.03.26"]
[EventType "swiss"]
[EventRounds "9"]
[EventCountry "ESP"]
[SourceTitle "Ajedrez en Madrid"]
[Source "lmi"]
[SourceDate "2017.03.26"]
[SourceVersion "1"]
[SourceVersionDate "2017.04.10"]
[SourceQuality "1"]

1. Nf3 Nf6 2. g3 b5 3. Bg2 Bb7 4. d4 d6 5. O-O Nbd7 6. Nbd2 e5 7. dxe5 dxe5 8.
c4 Bc5 9. cxb5 O-O 10. Qc2 Qe7 11. Nb3 Be4 12. Qc4 Bd5 13. Qc2 Bb6 14. Bd2 e4
15. Nfd4 Qe5 16. e3 Qh5 17. Rac1 Ne5 18. Qd1 Nf3+ 19. Bxf3 exf3 20. h4 g5 21.
Nf5 Rfe8 22. Bc3 gxh4 23. Nxh4 Ng4 24. Bd4 Bxb3 25. Qxb3 c5 26. bxc6 Bd8 27.
Rc5 Qh6 28. Nxf3 Bb6 29. Rg5+ 1-0

[Event "28. Torneo San Viator 2017"]
[Site "Madrid ESP"]
[Date "2017.04.02"]
[Round "2.15"]
[White "Sanchez Hernandez, Guillermo"]
[Black "Lopez Garralon, Miguel"]
[Result "1-0"]
[WhiteElo "1768"]
[BlackElo "2012"]
[PlyCount "73"]
[EventDate "2017.03.26"]
[EventType "swiss"]
[EventRounds "9"]
[EventCountry "ESP"]
[SourceTitle "Ajedrez en Madrid"]
[Source "lmi"]
[SourceDate "2017.03.26"]
[SourceVersion "1"]
[SourceVersionDate "2017.04.10"]
[SourceQuality "1"]

1. e4 d6 2. d4 Nf6 3. f3 Nbd7 4. c4 e5 5. Be3 c6 6. d5 Be7 7. Nc3 h6 8. Bd3 g5
9. Nge2 Nh5 10. g3 a6 11. b4 Qc7 12. a3 Nf8 13. Rc1 Ng6 14. c5 g4 15. cxd6 Qxd6
16. fxg4 Bxg4 17. Rf1 Nf6 18. Bc5 Qd8 19. Bc4 cxd5 20. exd5 Bd6 21. Rxf6 Bxc5
22. Rxg6 Bf2+ 23. Kxf2 fxg6 24. Ne4 O-O+ 25. Kg1 Qb6+ 26. Nc5 Qf6 27. Qe1 b5
28. Bd3 Qf3 29. Nc3 Bh3 30. Be4 Qf6 31. Bg2 Bxg2 32. Kxg2 Qf3+ 33. Kg1 Rf5 34.
d6 Rd8 35. d7 Qc6 36. Rd1 Kf7 37. Qe4 1-0

[Event "28. Torneo San Viator 2017"]
[Site "Madrid ESP"]
[Date "2017.04.02"]
[Round "2.17"]
[White "Arroyo Martinez, Fernando"]
[Black "Enfedaque Jimenez, Juan Carlos"]
[Result "1-0"]
[WhiteElo "1898"]
[BlackElo "1764"]
[PlyCount "23"]
[EventDate "2017.03.26"]
[EventType "swiss"]
[EventRounds "9"]
[EventCountry "ESP"]
[SourceTitle "Ajedrez en Madrid"]
[Source "lmi"]
[SourceDate "2017.03.26"]
[SourceVersion "1"]
[SourceVersionDate "2017.04.10"]
[SourceQuality "1"]

1. e4 e6 2. d4 d5 3. Nc3 Bb4 4. Nge2 dxe4 5. a3 Be7 6. Nxe4 Nf6 7. N2g3 Nbd7 8.
c4 b6 9. Be2 O-O 10. Bf3 Rb8 11. O-O c5 12. Bf4 1-0

[Event "28. Torneo San Viator 2017"]
[Site "Madrid ESP"]
[Date "2017.04.02"]
[Round "2.18"]
[White "Cujba, Anca-Claudia"]
[Black "Sotoca Aguado, Jose"]
[Result "1-0"]
[WhiteElo "1760"]
[BlackElo "1860"]
[PlyCount "79"]
[EventDate "2017.03.26"]
[EventType "swiss"]
[EventRounds "9"]
[EventCountry "ESP"]
[SourceTitle "Ajedrez en Madrid"]
[Source "lmi"]
[SourceDate "2017.03.26"]
[SourceVersion "1"]
[SourceVersionDate "2017.04.10"]
[SourceQuality "1"]

1. e4 e6 2. c4 d5 3. exd5 exd5 4. cxd5 Qxd5 5. Nc3 Qe5+ 6. Be2 Be7 7. d4 Qa5 8.
Nf3 Nf6 9. O-O c6 10. Re1 O-O 11. Bc4 Bd6 12. Ne5 Qc7 13. Bg5 Bf5 14. Bxf6 gxf6
15. Qf3 Bg6 16. Qxf6 Be7 17. Qf3 Kg7 18. Rad1 f6 19. Ng4 f5 20. Qe3 fxg4 21.
Qxe7+ Rf7 22. Bxf7 Qxe7 23. Rxe7 Bxf7 24. Rxb7 Kg6 25. d5 cxd5 26. Nxd5 Nc6 27.
Nf4+ Kg7 28. h3 gxh3 29. Nxh3 h6 30. Rdd7 Rf8 31. Rdc7 Ne5 32. Rxa7 Nd3 33. b3
Kf6 34. Rc6+ Ke5 35. Ra5+ Kd4 36. Rxh6 Bg8 37. Rg5 Rc8 38. Rh4+ Kc3 39. Rg3 Kd2
40. Rd4 1-0

[Event "28. Torneo San Viator 2017"]
[Site "Madrid ESP"]
[Date "2017.04.02"]
[Round "2.19"]
[White "Lopez Mijail, Nicolas"]
[Black "Juzgado Niella, Angel Luis"]
[Result "1-0"]
[WhiteElo "1836"]
[BlackElo "1625"]
[PlyCount "53"]
[EventDate "2017.03.26"]
[EventType "swiss"]
[EventRounds "9"]
[EventCountry "ESP"]
[SourceTitle "Ajedrez en Madrid"]
[Source "lmi"]
[SourceDate "2017.03.26"]
[SourceVersion "1"]
[SourceVersionDate "2017.04.10"]
[SourceQuality "1"]

1. e4 e5 2. Nf3 Nc6 3. Bb5 Nd4 4. Nxd4 exd4 5. O-O c6 6. Bc4 Nf6 7. Re1 d6 8.
c3 b5 9. Bb3 Be7 10. Qe2 dxc3 11. bxc3 O-O 12. a4 Qb6 13. axb5 Bg4 14. Qf1 cxb5
15. Na3 a6 16. Nc2 Be6 17. Ba2 Bxa2 18. Rxa2 Nd7 19. Ne3 Nf6 20. Nf5 Rfe8 21.
Qd3 Bf8 22. Qf3 d5 23. e5 Ne4 24. d4 f6 25. Qg4 fxe5 26. dxe5 Bc5 27. Qxg7# 1-0

[Event "28. Torneo San Viator 2017"]
[Site "Madrid ESP"]
[Date "2017.04.02"]
[Round "2.20"]
[White "Sanchez Gomez, Emiliano"]
[Black "Brana Pastor, Carlos"]
[Result "1-0"]
[WhiteElo "1752"]
[BlackElo "1835"]
[PlyCount "103"]
[EventDate "2017.03.26"]
[EventType "swiss"]
[EventRounds "9"]
[EventCountry "ESP"]
[SourceTitle "Ajedrez en Madrid"]
[Source "lmi"]
[SourceDate "2017.03.26"]
[SourceVersion "1"]
[SourceVersionDate "2017.04.10"]
[SourceQuality "1"]

1. e4 e6 2. d4 d5 3. e5 c5 4. c3 Nc6 5. Nf3 Bd7 6. Bd3 Rc8 7. dxc5 Bxc5 8. O-O
Nge7 9. Bf4 Ng6 10. Bg3 Qb6 11. Qe2 a6 12. h4 Qc7 13. Nbd2 Na7 14. a4 b5 15. b4
Be7 16. Rfc1 Qd8 17. h5 Nh4 18. Nxh4 Bxh4 19. Qg4 Bg5 20. f4 Bh6 21. a5 f5 22.
Qe2 Nc6 23. Nb3 Rc7 24. Rc2 O-O 25. Qf3 Qa8 26. Bf2 Rfc8 27. Rac1 Nxe5 28. fxe5
Bxc1 29. Rxc1 Rxc3 30. Rxc3 Rxc3 31. Nc5 Bc8 32. Bd4 Rc1+ 33. Kh2 Qc6 34. Qf4
Re1 35. Qg3 Rd1 36. h6 Qc7 37. Qf3 Re1 38. Qg3 Rd1 39. Qg5 Qf7 40. Qd8+ Qf8 41.
Qg5 Qf7 42. Bc3 Qg6 43. Qd8+ Kf7 44. Qc7+ Kf8 45. Qxc8+ Kf7 46. Qd7+ Kf8 47.
Nxe6+ Kg8 48. Qc8+ Kf7 49. Nd8+ Ke7 50. Nc6+ Kf7 51. e6+ Qxe6 52. Nd8+ 1-0

[Event "28. Torneo San Viator 2017"]
[Site "Madrid ESP"]
[Date "2017.04.02"]
[Round "2.21"]
[White "Martin Diaz, Juan"]
[Black "Estevez Sacristan, Deva"]
[Result "1-0"]
[WhiteElo "1724"]
[BlackElo "1813"]
[PlyCount "51"]
[EventDate "2017.03.26"]
[EventType "swiss"]
[EventRounds "9"]
[EventCountry "ESP"]
[SourceTitle "Ajedrez en Madrid"]
[Source "lmi"]
[SourceDate "2017.03.26"]
[SourceVersion "1"]
[SourceVersionDate "2017.04.10"]
[SourceQuality "1"]

1. d4 d5 2. Nf3 Nf6 3. c4 dxc4 4. e3 e6 5. Bxc4 c5 6. O-O Nc6 7. Nc3 a6 8. Qe2
b5 9. Bb3 c4 10. Bc2 Bb7 11. a3 Be7 12. Rd1 Qb6 13. e4 Rd8 14. d5 exd5 15. exd5
Nb8 16. Bg5 Qd6 17. Re1 Nbd7 18. Bf4 Qc5 19. d6 Ng8 20. dxe7 Nxe7 21. Rad1 Bxf3
22. Qxf3 Rc8 23. Bd6 Qg5 24. Rxe7+ Kd8 25. Rxd7+ Ke8 26. Qxf7# 1-0